| 000 | 00597nam a2200217 a 4500 | ||
|---|---|---|---|
| 001 | 762 | ||
| 003 | CDMR | ||
| 005 | 20131031112810.0 | ||
| 008 | 130130s1983||||||||||||||||||||||||||||d | ||
| 020 | _a8473390563 | ||
| 040 |
_aCDMR _bcat _cCDMR |
||
| 100 | 1 |
_aReed, John _9590 |
|
| 245 | 1 | 0 |
_aDiez días que estremecieron al mundo _cJohn Reed |
| 260 |
_aMadrid _c1983 _bAkal |
||
| 300 | _a409 p. | ||
| 490 | 0 |
_aAkal bolsillo _v74 |
|
| 650 | 0 | 4 |
_94217 _aRevolucions _xCobertura periodística |
| 650 | 0 | 4 |
_94229 _aUnió Soviètica _xHistòria _y1917 |
| 650 | 0 | 4 |
_9797 _aReportatges literaris |
| 942 |
_cMON _2udc |
||
| 999 |
_c762 _d762 |
||